Oxford student's dictionary of American English

Αποθηκεύτηκε σε:
Λεπτομέρειες βιβλιογραφικής εγγραφής
Άλλοι συγγραφείς: Hornby, Albert Sydney (Επιμελητής έκδοσης), Harris, Dolores (Επιμελητής έκδοσης), Stewart, William A. (William Alexander) 1930- (Επιμελητής έκδοσης)
Μορφή: Βιβλίο
Γλώσσα:English
Δημοσίευση: Oxford [Oxfordshire] : New York : Oxford University Press, 1983
Θέματα:
Ετικέτες: Προσθήκη ετικέτας
Δεν υπάρχουν, Καταχωρήστε ετικέτα πρώτοι!

MARC

LEADER 00000cam a2200000 i 4500
001 1/39287
008 980226s1983 eng d
020 |a 0194311422 ((pbk.))  |c $11.95 
020 |a 0194311406 ((hard)) 
035 |l 10025016 
040 |a GR-MY-UA  |b gre  |e aacr 
041 0 |a eng 
082 0 |a Π 423  |2 (19) 
245 1 0 |a Oxford student's dictionary of American English /  |c [edited by] A.S. Hornby ; American editors, Dolores Harris, William A. Stewart 
260 |a Oxford [Oxfordshire] :   |a New York :   |b Oxford University Press,   |c 1983 
300 |a xxi, 710 p.;  |b ill.;  |c 22 cm 
500 |a Adaptation of: Oxford student's dictionary of current English. 1978 
650 0 0 |a English language  |z United States  |x Dictionaries. 
650 0 0 |a Americanisms  |x Dictionaries. 
700 1 |a Hornby, Albert Sydney.  |4 edt 
700 1 |a Harris, Dolores.  |4 edt 
700 1 |a Stewart, William A.  |q (William Alexander)  |d 1930-  |4 edt 
852 |a INST  |b CHIOS  |e 19980226  |h 423 HOR  |p 005200009825  |q 005200009825  |t REF  |y 23 
852 |a INST  |b CHIOS  |e 19980226  |h 423 HOR  |p 005200027884  |q 005200027884  |t REF  |y 23 
909 |a Χ  |b 001392 
909 |a Χ  |b 002991